000 00464nam a2200193Ia 4500
008 210210b1951 xxu||||| |||| 00| 0 eng d
041 _aeng
082 _a070/27
100 _aCAREERS INSTITUTE
245 _aMathematics for competitive examinations
260 _aNew Delhi
_bNot Mentioned
_c1951
300 _a118
650 _aMathematics
650 _afor
650 _aexaminations
650 _acompetitive
690 _aMathematics
906 _a000545
999 _c77060
_d77060